[Event "7th Cesme Open-A 2019"]
[Site "Cesme"]
[Date "2019.06.24"]
[Round "1"]
[White "Gulsoy, Mustafa Alpago"]
[Black "Baklan, Vladimir"]
[Result "0-1"]
[WhiteElo "2055"]
[BlackElo "2620"]
[Annotator "TA"]
[PlyCount "125"]
[EventDate "2019.06.24"]
[EventType "swiss"]
[EventCountry "TUR"]
[SourceTitle "playchess.com"]
[Source "ChessBase"]
[SourceQuality "1"]

{[%evp 15,125,10,10,0,0,0,4,-16,-10,-14,22,38,35,-14,0,-15,-12,-11,-14,-43,-53,-57,-45,-56,-46,-38,-25,-30,-27,-27,-31,-36,-27,-29,-27,-31,-19,-19,-19,-19,-19,-31,-19,-16,-18,-19,-21,-20,-25,-25,-20,-17,-7,-19,-14,-18,-13,-25,-30,-33,-27,-33,-34,-30,-25,-15,-14,-10,-12,-39,-29,-29,-29,-47,-24,-41,-43,-58,-50,-45,-8,-22,0,0,0,-18,0,-4,-13,-42,-49,-57,-62,-61,-40,-29,-25,-40,-28,-135,-103,-240,-240,-251,-236,-404,-375,-654,-648,-610,-581,-530]} 1. e4 c5 2. c3 Nf6 3. e5 Nd5 4. d4 cxd4 5. Nf3 d6 6. cxd4 Nc6 7. Be2 e6 8. O-O Be7 9. Bd2 {B22: Sicilian: 2 c3} (9. Re1 O-O 10. a3 b6 11. Bd3 Bb7 12. Nc3 dxe5 13. Nxd5 Qxd5 14. Be4 Qd7 15. dxe5 Rfd8 16. Qe2 Na5 17. Bxb7 Qxb7 {0-1 (39) Lahav,M (2158)-Baenziger,F (2351) Skopje 2019}) 9... Qb6 10. Nc3 {[%cal Bb1c3,Bc3a4,Ba4c5][%mdl 32]} O-O 11. Na4 $146 {The position is equal.} ({Predecessor:} 11. Nxd5 exd5 12. Bc3 Bf5 13. Qd2 Rad8 14. exd6 Bxd6 15. Rfe1 Qc7 16. Bd3 Bxd3 17. Qxd3 a6 18. Rac1 Rfe8 19. Qd2 Bf4 20. Ba5 Rxe1+ 21. Qxe1 Qxa5 22. Qxa5 Nxa5 {0-1 (22) Aslanov,P (1263)-Budisavljevic,L (1915) Batumi 2016}) 11... Qc7 {[%cal Rd6e5]} 12. Rc1 Qb8 {[%cal Rd6e5]} 13. exd6 Bxd6 14. Nc5 Rd8 15. Bb5 Nce7 16. Qb3 Bf4 17. Rfd1 Bxd2 18. Rxd2 b6 {[#] Threatens to win with ...a6.} 19. Nd3 Bb7 20. Nde5 {Threatening Ng5.} f6 21. Nc6 Nxc6 22. Bxc6 Rc8 23. Rdc2 {[#] Black must now prevent Bxd5.} Bxc6 24. Rxc6 Qb7 25. Qc4 {[%cal Rc6c8]} Rxc6 26. Qxc6 Qxc6 27. Rxc6 $15 {[%mdl 4096] Endgame KRN-KRN} Kf7 28. Kf1 Ke7 29. g3 Kd7 30. Rc1 Nb4 31. a3 Nc6 32. Ke2 Rd8 33. h4 h5 34. Rc2 Kc7 35. Ke3 Rd5 36. Ke4 Kd7 37. Rd2 Na5 38. Kd3 Nb7 39. Ne1 Nc5+ 40. Ke3 Nb3 41. Rd3 Na5 42. Rc3 Nc6 43. Nc2 Ne7 44. Kd2 Rb5 45. b3 Rf5 {Strongly threatening ...Nd5.} 46. Ke2 Rd5 47. Rd3 Nc6 48. Kd2 Rf5 49. Ke2 Ra5 50. Kd2 Ne7 51. b4 Rd5 52. Ke2 Nf5 53. Kd2 Rd6 54. b5 Kc7 55. Kc3 Rd7 56. a4 Kd6 57. Na3 (57. Rd1 $11 {keeps the balance.}) 57... Kd5 58. Kd2 (58. Nc2 $17 {was forced.}) 58... Nxd4 $19 59. Nc2 e5 60. f3 $2 (60. Nxd4 Kc4 {[%mdl 64] Pin} 61. Rc3+ Kb4 62. Rc2) 60... Ke6 61. Nb4 $2 (61. Ne1) 61... Nxf3+ 62. Ke3 Rxd3+ 63. Kxd3 {Accuracy: White = 48%, Black = 68%.} 0-1

[Event "7th Cesme Open-A 2019"]
[Site "Cesme"]
[Date "2019.06.24"]
[Round "1"]
[White "Kocyigit, Buse Naz"]
[Black "Mammadov, Zaur"]
[Result "0-1"]
[WhiteElo "2045"]
[BlackElo "2428"]
[Annotator "NA"]
[PlyCount "50"]
[EventDate "2019.06.24"]
[EventType "swiss"]
[EventCountry "TUR"]
[SourceTitle "playchess.com"]
[Source "ChessBase"]
[SourceQuality "1"]
[TimeControl "5400+30"]

1. d4 d5 2. Nf3 Nf6 3. c4 dxc4 4. e3 e6 5. Bxc4 c5 6. Nc3 Nc6 {[%emt 0:04:00]} 7. O-O {[%emt 0:07:30]} cxd4 {[%emt 0:00:30]} 8. exd4 {[%emt 0:00:30]} Be7 {[%emt 0:00:00]} 9. a3 {[%emt 0:05:30]} O-O {[%emt 0:02:00]} 10. b4 {[%emt 0:18:30]} a6 {[%emt 0:01:30]} 11. Re1 {[%emt 0:14:30]} Qc7 {[%emt 0:05:30]} 12. Qb3 {[%emt 0:04:30]} b5 {[%emt 0:00:30]} 13. Bf1 {[%emt 0:01:30]} Rd8 {[%emt 0:00:30]} 14. Bb2 {[%emt 0:01:30]} Bb7 {[%emt 0:01:30]} 15. Rac1 {[%emt 0:04:30]} Rac8 {[%emt 0:00:00]} 16. a4 {[%emt 0:14:30]} Qf4 {[%emt 0:05:00]} 17. axb5 {[%emt 0:03:30]} Nxd4 {[%emt 0:00:30]} 18. Nxd4 {[%emt 0:03:15]} Ng4 {[%emt 0:00:30]} 19. Nf3 {[%emt 0:00:52]} Bxf3 {[%emt 0:00:00]} 20. g3 {[%emt 0:00:13]} Qd2 {[%emt 0:02:00]} 21. Be2 {[%emt 0:10:04]} Qh6 {[%emt 0:01:30]} 22. h4 {[%emt 0:00:51]} Bxh4 {[%emt 0:00:30]} 23. Bxf3 {[%emt 0:02:31]} Bxg3 {[%emt 0:00:30]} 24. Re2 {[%emt 0:01:22]} Qh2+ {[%emt 0:02:30]} 25. Kf1 {[%emt 0:00:06]} Bxf2 {[%emt 0:00:30]} 0-1

[Event "7th Cesme Open-A 2019"]
[Site "Cesme"]
[Date "2019.06.24"]
[Round "1"]
[White "Akin, Yagiz Cinar"]
[Black "Tuncer, Tuna"]
[Result "0-1"]
[WhiteElo "1955"]
[BlackElo "2365"]
[Annotator "NA"]
[PlyCount "136"]
[EventDate "2019.06.24"]
[EventType "swiss"]
[EventCountry "TUR"]
[SourceTitle "playchess.com"]
[Source "ChessBase"]
[SourceQuality "1"]
[TimeControl "5400+30"]

1. e4 c5 2. Nf3 e6 3. g3 Nc6 4. Bg2 Nf6 5. Qe2 e5 6. O-O Be7 7. d3 h6 8. c3 O-O {[%emt 0:03:00]} 9. Re1 {[%emt 0:09:30]} Re8 {[%emt 0:00:30]} 10. Na3 {[%emt 0:00:30]} Bf8 {[%emt 0:01:30]} 11. Nc4 {[%emt 0:04:30]} d5 {[%emt 0:03:30]} 12. exd5 {[%emt 0:01:30]} Nxd5 {[%emt 0:00:30]} 13. h3 {[%emt 0:05:30]} Nc7 {[%emt 0:13:30]} 14. g4 {[%emt 0:03:30]} g6 {[%emt 0:05:30]} 15. Be3 {[%emt 0:06:30]} Nd5 {[%emt 0:11:30]} 16. Rad1 {[%emt 0:03:30]} b6 {[%emt 0:08:30]} 17. Nfxe5 {[%emt 0:13:30]} Nxe5 {[%emt 0:08:30]} 18. Bc1 {[%emt 0:00:30]} Bb7 {[%emt 0:10:30]} 19. Nxe5 {[%emt 0:04:30]} Bg7 {[%emt 0:00:30]} 20. d4 {[%emt 0:06:30]} cxd4 {[%emt 0:01:30]} 21. cxd4 {[%emt 0:01:30]} Rc8 {[%emt 0:03:30]} 22. Qb5 {[%emt 0:03:30]} Re7 {[%emt 0:01:30]} 23. Qb3 {[%emt 0:01:30]} Rec7 {[%emt 0:00:30]} 24. Bd2 {[%emt 0:00:30]} Qd6 {[%emt 0:02:30]} 25. Rc1 {[%emt 0:02:30]} Rxc1 {[%emt 0:01:30]} 26. Bxc1 {[%emt 0:00:30]} Rc7 {[%emt 0:02:30]} 27. Bd2 {[%emt 0:00:30]} Re7 {[%emt 0:02:30]} 28. Qg3 {[%emt 0:01:30]} Rc7 {[%emt 0:02:14]} 29. Qd3 {[%emt 0:06:30]} Kh7 {[%emt 0:07:47]} 30. a3 {[%emt 0:03:30]} Qf6 {[%emt 0:04:32]} 31. Be4 {[%emt 0:03:30]} Kg8 {[%emt 0:00:45]} 32. Rc1 {[%emt 0:00:30]} Re7 {[%emt 0:02:01]} 33. Re1 {[%emt 0:05:53]} Qd6 {[%emt 0:01:50]} 34. f4 {[%emt 0:01:08]} Rc7 {[%emt 0:00:09]} 35. Rc1 {[%emt 0:00:50]} Re7 {[%emt 0:00:33]} 36. Rd1 {[%emt 0:02:31]} Rc7 {[%emt 0:01:40]} 37. b4 {[%emt 0:01:08]} Qd8 {[%emt 0:01:38]} 38. f5 {[%emt 0:00:59]} g5 {[%emt 0:00:28]} 39. Nf3 {[%emt 0:01:33]} Re7 {[%emt 0:00:34]} 40. Re1 {[%emt 0:00:41]} Qe8 {[%emt 0:00:08]} 41. Bxd5 {[%emt 0:03:07]} Bxd5 {[%emt 0:00:35]} 42. Rxe7 {[%emt 0:00:42]} Qxe7 {[%emt 0:00:01]} 43. Bc3 {[%emt 0:00:24]} f6 {[%emt 0:01:10]} 44. Kf2 {[%emt 0:00:30]} Qd7 {[%emt 0:00:32]} 45. b5 {[%emt 0:01:20]} Qc7 {[%emt 0:00:49]} 46. Qe3 {[%emt 0:00:47]} Bf8 {[%emt 0:00:28]} 47. Bb4 {[%emt 0:01:49]} Bxb4 {[%emt 0:00:30]} 48. axb4 {[%emt 0:00:00]} Kf7 {[%emt 0:00:00]} 49. Qa3 {[%emt 0:01:02]} Ke7 {[%emt 0:00:23]} 50. Qd3 {[%emt 0:01:08]} Kd7 {[%emt 0:00:23]} 51. Qa3 {[%emt 0:00:33]} Kc8 {[%emt 0:00:37]} 52. Qe3 {[%emt 0:00:24]} Qd7 {[%emt 0:00:31]} 53. Qd3 {[%emt 0:00:58]} Qd6 {[%emt 0:00:19]} 54. Qc3+ {[%emt 0:00:45]} Kb7 {[%emt 0:00:15]} 55. Qe3 {[%emt 0:00:51]} Qxb4 {[%emt 0:01:53]} 56. Qe8 {[%emt 0:00:06]} Qd6 {[%emt 0:00:22]} 57. Qh8 {[%emt 0:01:44]} a5 {[%emt 0:00:51]} 58. Qg7+ {[%emt 0:00:48]} Ka8 {[%emt 0:00:18]} 59. Qh8+ {[%emt 0:00:44]} Ka7 {[%emt 0:00:07]} 60. Qh7+ {[%emt 0:00:15]} Bb7 {[%emt 0:00:10]} 61. Qf7 {[%emt 0:00:00]} Qf4 {[%emt 0:01:08]} 62. d5 {[%emt 0:00:30]} a4 {[%emt 0:00:03]} 63. Qe7 {[%emt 0:00:00]} Qc4 {[%emt 0:01:03]} 64. d6 {[%emt 0:01:25]} Qc5+ {[%emt 0:00:02]} 65. Kf1 {[%emt 0:00:23]} Qxb5+ {[%emt 0:00:40]} 66. Kg2 {[%emt 0:00:04]} Qb2+ {[%emt 0:00:00]} 67. Kg1 {[%emt 0:00:13]} a3 {[%emt 0:00:58]} 68. d7 {[%emt 0:01:36]} a2 {[%emt 0:00:30]} 0-1

[Event "7th Cesme Open-A 2019"]
[Site "Cesme"]
[Date "2019.06.24"]
[Round "1"]
[White "Yasin, Hur"]
[Black "Rzayev, Bahruz"]
[Result "0-1"]
[WhiteElo "1953"]
[BlackElo "2340"]
[Annotator "NA"]
[PlyCount "126"]
[EventDate "2019.06.24"]
[EventType "swiss"]
[EventCountry "TUR"]
[SourceTitle "playchess.com"]
[Source "ChessBase"]
[SourceQuality "1"]
[TimeControl "5400+30"]

1. e4 e5 2. Nf3 Nc6 3. d4 exd4 4. Bc4 Nf6 5. O-O Nxe4 6. Re1 d5 7. Bxd5 Qxd5 8. Nc3 Qa5 9. Nxe4 Be6 10. Bg5 h6 {[%emt 0:02:00]} 11. Bh4 {[%emt 0:10:30]} g5 {[%emt 0:01:30]} 12. Nf6+ {[%emt 0:03:30]} Ke7 {[%emt 0:00:30]} 13. Nxd4 {[%emt 0:00:30]} Rd8 {[%emt 0:02:30]} 14. Nxc6+ {[%emt 0:04:30]} bxc6 {[%emt 0:00:30]} 15. Qf3 {[%emt 0:00:30]} gxh4 {[%emt 0:00:30]} 16. Nh5 {[%emt 0:09:30]} Qg5 {[%emt 0:03:30]} 17. Re4 {[%emt 0:11:30]} Bg7 {[%emt 0:03:30]} 18. Rae1 {[%emt 0:02:30]} Rd4 {[%emt 0:03:30]} 19. Nf4 {[%emt 0:21:30]} Qf5 {[%emt 0:03:30]} 20. Rxd4 {[%emt 0:03:30]} Bxd4 {[%emt 0:01:30]} 21. Nxe6 {[%emt 0:00:00]} Bxf2+ {[%emt 0:01:30]} 22. Kxf2 {[%emt 0:01:00]} Qxf3+ {[%emt 0:01:30]} 23. Kxf3 {[%emt 0:00:30]} fxe6 {[%emt 0:00:00]} 24. Re4 {[%emt 0:01:30]} Rf8+ {[%emt 0:00:00]} 25. Ke2 {[%emt 0:00:30]} Rg8 {[%emt 0:00:00]} 26. Kf2 {[%emt 0:02:30]} h3 {[%emt 0:06:00]} 27. g4 {[%emt 0:07:30]} Rg5 {[%emt 0:11:30]} 28. Kg3 {[%emt 0:01:30]} Ra5 {[%emt 0:00:30]} 29. a3 {[%emt 0:04:48]} Rc5 {[%emt 0:02:30]} 30. Re2 {[%emt 0:05:03]} h5 {[%emt 0:05:30]} 31. Kxh3 {[%emt 0:00:37]} Kf6 {[%emt 0:00:30]} 32. gxh5 {[%emt 0:01:06]} Rxh5+ {[%emt 0:00:00]} 33. Kg4 {[%emt 0:00:51]} Rg5+ {[%emt 0:00:00]} 34. Kf4 {[%emt 0:00:17]} e5+ {[%emt 0:00:30]} 35. Kf3 {[%emt 0:01:37]} Rf5+ {[%emt 0:01:30]} 36. Ke3 {[%emt 0:00:30]} Rh5 {[%emt 0:00:30]} 37. Rf2+ {[%emt 0:02:23]} Ke6 {[%emt 0:00:30]} 38. Ke4 {[%emt 0:00:50]} Rh3 {[%emt 0:01:30]} 39. Rg2 {[%emt 0:00:39]} Rh4+ {[%emt 0:00:30]} 40. Kf3 {[%emt 0:01:03]} Kf5 {[%emt 0:00:30]} 41. Rf2 {[%emt 0:00:40]} Rh7 {[%emt 0:02:30]} 42. Kg3+ {[%emt 0:01:05]} Ke4 {[%emt 0:00:00]} 43. Re2+ {[%emt 0:00:54]} Kf5 {[%emt 0:01:00]} 44. h4 {[%emt 0:01:51]} e4 {[%emt 0:00:30]} 45. Rf2+ {[%emt 0:01:06]} Ke5 {[%emt 0:00:30]} 46. Rh2 {[%emt 0:01:48]} Rh5 {[%emt 0:09:30]} 47. Kg4 {[%emt 0:01:18]} Rh8 {[%emt 0:00:30]} 48. h5 {[%emt 0:01:00]} Rg8+ {[%emt 0:00:30]} 49. Kh4 {[%emt 0:00:30]} e3 {[%emt 0:00:00]} 50. h6 {[%emt 0:00:09]} Kf4 {[%emt 0:00:00]} 51. Kh5 {[%emt 0:01:27]} Kg3 {[%emt 0:01:30]} 52. Rh1 {[%emt 0:00:30]} Kg2 {[%emt 0:00:30]} 53. Rh4 {[%emt 0:00:28]} e2 {[%emt 0:00:00]} 54. Re4 {[%emt 0:00:30]} Kf2 {[%emt 0:00:00]} 55. h7 {[%emt 0:01:20]} Rh8 {[%emt 0:00:00]} 56. Kg6 {[%emt 0:00:30]} e1=Q {[%emt 0:00:00]} 57. Rxe1 {[%emt 0:00:30]} Kxe1 {[%emt 0:00:30]} 58. Kg7 {[%emt 0:00:30]} Rd8 {[%emt 0:00:30]} 59. h8=Q {[%emt 0:00:30]} Rxh8 {[%emt 0:00:30]} 60. Kxh8 {[%emt 0:00:30]} Kd2 {[%emt 0:00:30]} 61. c4 {[%emt 0:00:00]} Kc2 {[%emt 0:00:00]} 62. Kg7 {[%emt 0:00:13]} Kxb2 {[%emt 0:00:00]} 63. Kf6 {[%emt 0:00:22]} Kxa3 {[%emt 0:00:00]} 0-1

[Event "7th Cesme Open-A 2019"]
[Site "Cesme"]
[Date "2019.06.24"]
[Round "1"]
[White "Celiker, Yakup"]
[Black "Gokerkan, Cem Kaan"]
[Result "0-1"]
[WhiteElo "1930"]
[BlackElo "2415"]
[Annotator "NA"]
[PlyCount "78"]
[EventDate "2019.06.24"]
[EventType "swiss"]
[EventCountry "TUR"]
[SourceTitle "playchess.com"]
[Source "ChessBase"]
[SourceQuality "1"]
[TimeControl "5400+30"]

1. e4 c5 2. Nc3 Nc6 3. g3 g6 4. Bg2 Bg7 5. f4 {[%emt 0:01:30]} d6 {[%emt 0:09:30]} 6. Nf3 {[%emt 0:00:00]} e5 {[%emt 0:00:30]} 7. d3 {[%emt 0:01:00]} Nge7 {[%emt 0:00:30]} 8. Be3 {[%emt 0:02:30]} Nd4 {[%emt 0:02:30]} 9. fxe5 {[%emt 0:02:30]} dxe5 {[%emt 0:01:30]} 10. Qd2 {[%emt 0:04:30]} Bg4 {[%emt 0:01:30]} 11. Ng1 {[%emt 0:03:30]} O-O {[%emt 0:02:30]} 12. h3 {[%emt 0:00:30]} Be6 {[%emt 0:00:30]} 13. Nf3 {[%emt 0:00:30]} Nxf3+ {[%emt 0:16:30]} 14. Bxf3 {[%emt 0:00:00]} Rc8 {[%emt 0:00:30]} 15. g4 {[%emt 0:01:00]} Nc6 {[%emt 0:06:30]} 16. Ne2 {[%emt 0:15:30]} Nd4 {[%emt 0:01:30]} 17. Bg2 {[%emt 0:02:30]} c4 {[%emt 0:04:30]} 18. Nxd4 {[%emt 0:00:30]} exd4 {[%emt 0:00:30]} 19. Bg5 {[%emt 0:00:30]} Bf6 {[%emt 0:04:30]} 20. Bxf6 {[%emt 0:11:30]} Qxf6 {[%emt 0:01:30]} 21. Rf1 {[%emt 0:00:00]} Qe5 {[%emt 0:02:30]} 22. Kf2 {[%emt 0:01:00]} c3 {[%emt 0:02:30]} 23. bxc3 {[%emt 0:00:30]} Rxc3 {[%emt 0:00:00]} 24. Kg1 {[%emt 0:00:30]} Rfc8 {[%emt 0:00:00]} 25. Rf2 {[%emt 0:00:30]} Qc7 {[%emt 0:07:30]} 26. Rc1 {[%emt 0:04:30]} Bxa2 {[%emt 0:00:30]} 27. Qg5 {[%emt 0:04:30]} Be6 {[%emt 0:10:30]} 28. e5 {[%emt 0:01:30]} Rc5 {[%emt 0:12:22]} 29. Re2 {[%emt 0:00:30]} b5 {[%emt 0:00:09]} 30. Qf4 {[%emt 0:00:30]} Qd8 {[%emt 0:00:35]} 31. Re4 {[%emt 0:01:30]} Rxc2 {[%emt 0:01:28]} 32. Rxc2 {[%emt 0:00:30]} Rxc2 {[%emt 0:00:00]} 33. Rxd4 {[%emt 0:00:30]} Qb6 {[%emt 0:01:21]} 34. Kh2 {[%emt 0:00:30]} a5 {[%emt 0:00:19]} 35. h4 {[%emt 0:00:30]} h6 {[%emt 0:01:47]} 36. Kg3 {[%emt 0:00:30]} a4 {[%emt 0:00:30]} 37. Rd6 {[%emt 0:13:30]} Qg1 {[%emt 0:06:00]} 38. Qe4 {[%emt 0:00:30]} a3 {[%emt 0:00:30]} 39. d4 {[%emt 0:00:30]} Rc3+ {[%emt 0:00:30]} 0-1

[Event "7th Cesme Open-A 2019"]
[Site "Cesme"]
[Date "2019.06.24"]
[Round "1"]
[White "Degirmenci, Yagiz"]
[Black "Annageldyev, Orazly"]
[Result "0-1"]
[WhiteElo "1923"]
[BlackElo "2353"]
[Annotator "NA"]
[PlyCount "79"]
[EventDate "2019.06.24"]
[EventType "swiss"]
[EventCountry "TUR"]
[SourceTitle "playchess.com"]
[Source "ChessBase"]
[SourceQuality "1"]
[TimeControl "5400+30"]

1. d4 Nf6 2. Nf3 d5 3. c3 g6 4. Bg5 Ne4 5. Bf4 Bg7 6. Nbd2 {[%emt 0:03:00]} O-O {[%emt 0:09:00]} 7. Nxe4 {[%emt 0:01:30]} dxe4 {[%emt 0:00:30]} 8. Nd2 {[%emt 0:00:30]} c5 {[%emt 0:10:30]} 9. e3 {[%emt 0:00:30]} cxd4 {[%emt 0:02:30]} 10. cxd4 {[%emt 0:00:00]} Qa5 {[%emt 0:08:30]} 11. Bc4 {[%emt 0:04:00]} Nc6 {[%emt 0:05:30]} 12. a3 {[%emt 0:01:30]} e5 {[%emt 0:01:30]} 13. b4 {[%emt 0:02:30]} Qd8 {[%emt 0:02:30]} 14. dxe5 {[%emt 0:00:30]} Nxe5 {[%emt 0:00:30]} 15. Bxe5 {[%emt 0:00:30]} Bxe5 {[%emt 0:00:00]} 16. Ra2 {[%emt 0:00:30]} Qg5 {[%emt 0:08:00]} 17. g3 {[%emt 0:03:30]} Bh3 {[%emt 0:04:30]} 18. Qb3 {[%emt 0:08:30]} Rac8 {[%emt 0:07:30]} 19. Rc2 {[%emt 0:00:30]} Qf5 {[%emt 0:01:30]} 20. f4 {[%emt 0:10:30]} exf3 {[%emt 0:07:30]} 21. Kf2 {[%emt 0:00:00]} Qh5 {[%emt 0:11:56]} 22. Nxf3 {[%emt 0:03:00]} Bf5 {[%emt 0:04:33]} 23. Rd2 {[%emt 0:15:30]} Be4 {[%emt 0:03:34]} 24. Be2 {[%emt 0:13:30]} Rc3 {[%emt 0:00:43]} 25. Qa4 {[%emt 0:01:30]} a6 {[%emt 0:04:01]} 26. b5 {[%emt 0:03:30]} Bxf3 {[%emt 0:01:05]} 27. Bxf3 {[%emt 0:00:30]} Qg5 {[%emt 0:00:12]} 28. Re1 {[%emt 0:00:30]} axb5 {[%emt 0:00:26]} 29. Qa7 {[%emt 0:00:30]} Rc7 {[%emt 0:01:06]} 30. Rd5 {[%emt 0:00:30]} Rd8 {[%emt 0:01:08]} 31. Rxd8+ {[%emt 0:01:30]} Qxd8 {[%emt 0:00:30]} 32. Rd1 {[%emt 0:00:00]} Qe7 {[%emt 0:00:32]} 33. Qa5 {[%emt 0:01:00]} Rc2+ {[%emt 0:00:59]} 34. Kg1 {[%emt 0:00:30]} Bc7 {[%emt 0:01:57]} 35. Qa7 {[%emt 0:02:30]} b6 {[%emt 0:00:30]} 36. Re1 {[%emt 0:00:30]} Kg7 {[%emt 0:01:01]} 37. Kh1 {[%emt 0:00:30]} Rxh2+ {[%emt 0:00:18]} 38. Kg1 {[%emt 0:01:30]} Qd6 {[%emt 0:00:48]} 39. Qb7 {[%emt 0:00:30]} Qxg3+ {[%emt 0:00:30]} 40. Bg2 {[%emt 0:00:30]} 0-1

[Event "7th Cesme Open-A 2019"]
[Site "Cesme"]
[Date "2019.06.24"]
[Round "1"]
[White "Taskiran, Recep"]
[Black "Barsov, Alexei"]
[Result "0-1"]
[WhiteElo "1898"]
[BlackElo "2397"]
[Annotator "NA"]
[PlyCount "72"]
[EventDate "2019.06.24"]
[EventType "swiss"]
[EventCountry "TUR"]
[SourceTitle "playchess.com"]
[Source "ChessBase"]
[SourceQuality "1"]
[TimeControl "5400+30"]

1. Nf3 d5 2. c4 e6 3. g3 dxc4 4. Bg2 a6 5. a4 Nc6 6. Na3 Na5 7. O-O Nf6 8. Qc2 {[%emt 0:02:00]} Qd5 {[%emt 0:15:00]} 9. Rd1 {[%emt 0:07:30]} Bd7 {[%emt 0:06:30]} 10. d3 {[%emt 0:20:30]} Nb3 {[%emt 0:05:30]} 11. Rb1 {[%emt 0:06:30]} Bxa4 {[%emt 0:01:30]} 12. dxc4 {[%emt 0:01:30]} Qa5 {[%emt 0:00:00]} 13. Rd3 {[%emt 0:26:30]} Nd4 {[%emt 0:14:00]} 14. Qd2 {[%emt 0:01:30]} Bb4 {[%emt 0:02:30]} 15. Qe3 {[%emt 0:03:30]} Nf5 {[%emt 0:00:00]} 16. Qe5 {[%emt 0:03:30]} Qb6 {[%emt 0:01:00]} 17. Bh3 {[%emt 0:10:14]} Bd6 {[%emt 0:08:30]} 18. Qc3 {[%emt 0:00:15]} Ne4 {[%emt 0:00:30]} 19. Qe1 {[%emt 0:00:02]} Bb4 {[%emt 0:01:30]} 20. Qf1 {[%emt 0:00:03]} O-O {[%emt 0:00:30]} 21. Bxf5 {[%emt 0:00:30]} exf5 {[%emt 0:00:00]} 22. b3 {[%emt 0:04:21]} Bc6 {[%emt 0:12:00]} 23. Ne5 {[%emt 0:00:00]} Bc5 {[%emt 0:02:30]} 24. Rf3 {[%emt 0:08:14]} Bxa3 {[%emt 0:02:30]} 25. Nxc6 {[%emt 0:01:01]} Qxc6 {[%emt 0:01:30]} 26. Bxa3 {[%emt 0:00:30]} Nd2 {[%emt 0:00:00]} 27. Qc1 {[%emt 0:00:42]} Nxf3+ {[%emt 0:03:00]} 28. exf3 {[%emt 0:00:05]} Rfd8 {[%emt 0:00:00]} 29. Qf4 {[%emt 0:01:17]} Rd3 {[%emt 0:00:00]} 30. Kg2 {[%emt 0:00:00]} Qd7 {[%emt 0:00:30]} 31. Bc5 {[%emt 0:00:44]} Re8 {[%emt 0:01:30]} 32. Be3 {[%emt 0:00:36]} f6 {[%emt 0:03:30]} 33. h4 {[%emt 0:00:30]} a5 {[%emt 0:00:30]} 34. h5 {[%emt 0:00:30]} Re5 {[%emt 0:00:30]} 35. Rb2 {[%emt 0:00:48]} Qe8 {[%emt 0:02:30]} 36. Rd2 {[%emt 0:03:33]} Rexe3 {[%emt 0:00:30]} 0-1

[Event "7th Cesme Open-A 2019"]
[Site "Cesme"]
[Date "2019.06.25"]
[Round "2"]
[White "Baklan, Vladimir"]
[Black "Guseynov, Alihan"]
[Result "1-0"]
[WhiteElo "2620"]
[BlackElo "2274"]
[Annotator "RC"]
[PlyCount "65"]
[EventDate "2019.06.24"]
[EventType "swiss"]
[EventCountry "TUR"]
[SourceTitle "playchess.com"]
[Source "ChessBase"]
[SourceQuality "1"]
[TimeControl "5400+30"]

1. e4 {[%emt 0:00:30]} g6 {[%emt 0:00:30]} 2. d4 {[%emt 0:00:00]} Bg7 {[%emt 0:00:30]} 3. Nc3 {[%emt 0:00:00]} d6 {[%emt 0:00:00]} 4. f4 {[%emt 0:00:30]} Nf6 {[%emt 0:00:00]} 5. Nf3 {[%emt 0:00:30]} O-O {[%emt 0:00:30]} 6. a3 {[%emt 0:00:30]} Nc6 {[%emt 0:10:30]} 7. Be2 {[%emt 0:14:30]} d5 {[%emt 0:11:30]} 8. e5 {[%emt 0:09:30]} Ne4 {[%emt 0:00:30]} 9. O-O {[%emt 0:00:30]} Bg4 {[%emt 0:11:30]} 10. Qe1 {[%emt 0:08:30]} Bxf3 {[%emt 0:11:30]} 11. Bxf3 {[%emt 0:01:30]} Nxd4 {[%emt 0:03:30]} 12. Bxe4 {[%emt 0:00:30]} dxe4 {[%emt 0:00:00]} 13. Qxe4 {[%emt 0:00:30]} Nc6 {[%emt 0:00:00]} 14. Be3 {[%emt 0:02:30]} e6 {[%emt 0:07:30]} 15. Rad1 {[%emt 0:13:30]} Qe7 {[%emt 0:06:30]} 16. Na4 {[%emt 0:00:30]} Rfd8 {[%emt 0:07:30]} 17. Nc5 {[%emt 0:00:30]} Qe8 {[%emt 0:00:30]} 18. Nxb7 {[%emt 0:22:30]} Rxd1 {[%emt 0:10:51]} 19. Rxd1 {[%emt 0:00:30]} Rb8 {[%emt 0:00:00]} 20. Nc5 {[%emt 0:00:30]} Rxb2 {[%emt 0:00:00]} 21. Na6 {[%emt 0:00:30]} Ne7 {[%emt 0:02:14]} 22. Nb4 {[%emt 0:00:30]} Nd5 {[%emt 0:07:24]} 23. Bd4 {[%emt 0:02:30]} Rxb4 {[%emt 0:01:31]} 24. axb4 {[%emt 0:00:30]} Nxb4 {[%emt 0:00:00]} 25. Bxa7 {[%emt 0:00:30]} Bf8 {[%emt 0:00:00]} 26. Bf2 {[%emt 0:01:17]} Qa4 {[%emt 0:01:00]} 27. h3 {[%emt 0:00:52]} Qxc2 {[%emt 0:00:16]} 28. Qxc2 {[%emt 0:06:12]} Nxc2 {[%emt 0:00:30]} 29. Rd8 {[%emt 0:00:00]} Kg7 {[%emt 0:00:31]} 30. Bh4 {[%emt 0:00:00]} Bc5+ {[%emt 0:00:35]} 31. Kh2 {[%emt 0:00:16]} Be3 {[%emt 0:01:25]} 32. Bf6+ {[%emt 0:00:47]} Kh6 {[%emt 0:00:30]} 33. g3 {[%emt 0:00:00]} 1-0

[Event "7th Cesme Open-A 2019"]
[Site "Cesme"]
[Date "2019.06.25"]
[Round "2"]
[White "Iskandarov, Misratdin"]
[Black "Ozenir, Ekin Baris"]
[Result "1-0"]
[WhiteElo "2502"]
[BlackElo "2250"]
[Annotator "TA"]
[PlyCount "71"]
[EventDate "2019.06.24"]
[EventType "swiss"]
[EventCountry "TUR"]
[SourceTitle "playchess.com"]
[Source "ChessBase"]
[SourceQuality "1"]

{[%evp 14,71,7,6,10,-10,0,0,0,-13,-13,-18,-13,-6,-6,-27,-18,-33,8,-38,-41,-37,-29,-69,-58,-62,-54,-63,-60,-60,-64,-93,-52,-88,-74,-67,-30,-29,-30,-66,27,19,26,28,63,32,104,107,96,106,137,135,143,151,210,191,193,137,150,97]} 1. e4 c6 2. Nc3 d5 3. Nf3 Bg4 4. h3 Bxf3 5. Qxf3 e6 6. d4 Nf6 7. Bd3 dxe4 8. Nxe4 Qxd4 {B11: Caro-Kann: Two Knights Variation} 9. O-O Nxe4 (9... Be7 10. Bf4 Nbd7 11. c3 Qd5 12. Rfd1 Ne5 13. Qe3 Nxd3 14. Nxf6+ Bxf6 15. Rxd3 Qf5 16. Bd6 Bg5 17. Qd4 Bf6 18. Qe3 h5 19. Rad1 Bg5 20. Qd4 Bf6 21. Qe3 Bg5 22. Qd4 Bf6 {½-½ (22) Grandelius,N (2694)-Piorun,K (2631) Skopje 2019}) 10. Bxe4 Nd7 {The position is equal.} 11. Rd1 Qf6 $1 12. Bf4 {[#] Rxd7! is the strong threat.} Rd8 13. Qg3 {aiming for Bg5.} Be7 14. b4 $146 ({Predecessor:} 14. Bc7) 14... e5 15. Be3 a6 16. Qg4 h5 17. Qe2 Qe6 18. c4 O-O ({Of course not} 18... Bxb4 $6 19. Rab1 $14) 19. Bc2 g6 20. Rab1 {[%cal Ba1b1,Bb1b3,Bb3d3,Bd3d6][%mdl 32]} Nf6 21. Re1 Rfe8 22. Bb6 Rc8 23. Rb3 (23. Qxe5 $2 Qxe5 24. Rxe5 Nd7 $19) 23... Kg7 24. a3 ({Avoid the trap} 24. Qxe5 $2 Qxe5 25. Rxe5 Nd7 $19) 24... Nd7 25. Be3 f5 26. Bc1 h4 (26... e4 $15) 27. c5 $11 Rcd8 28. Rd3 {And now Bb3 would win.} Bf6 29. Rd6 (29. Bb3 $5 {[%cal Rb3e6]} Qe7 30. Red1 $16) 29... Qe7 ({Black should play} 29... Qf7 $14) 30. Qe3 $36 {[%mdl 2048] White is on the roll.} f4 31. Qd3 Nf8 32. Bxf4 $1 {[%mdl 64] [#] Pin. White is clearly better.} Rxd6 33. cxd6 ({Don't play} 33. Qxd6 $6 Qxd6 34. cxd6 Re6 $11) 33... Qd7 (33... Qf7 $16) 34. Bc1 $18 Re6 35. Rd1 ({White should try} 35. Qe3 $18) 35... e4 $16 36. Qd2 {Accuracy: White = 53%, Black = 55%.} ({Better is} 36. Qe3 g5 37. Qa7) 1-0